000 00724nam a2200205Ia 4500
003 GCL
008 140319s9999 xx 000 0 ara d
040 _aGCL /
_cGCL
082 0 4 _a312
_bع ا
100 1 _aعبدالمجيد فراج
245 1 0 _aالاسس الاحصائية للدراسات السكانية /
_cعبدالمجيد فراج
260 _aالقاهرة :
_bدار النهضة العربية ،
_c1975
300 _a574 ص ؛
_c23 سم
650 0 4 _aالسكان - علم
650 0 4 _aالاحصائيات الحيوية
650 0 4 _aاحصائيات المواليد والوفيات
650 0 4 _aالزواج-احصائيات
650 0 4 _aالطلاق-احصائيات
942 _2ddc
_cBK
999 _c44410
_d44410